Movies Based On Real Events- Sudden Death - Statistics

General Stats
  • This quiz has been taken 245 times
  • The average score is 5 of 9
Answers on the Grid
Answers color-coded by a green-red scale on the quiz's grid according to % correct below.
Schindler's List
The Pianist
I, Tonya
Willy Wonka And The Chocolate Factory
The Pursuit of Happyness
The Sound of Music
Hidden Figures
Remember the Titans
Finding Nemo
Fight Club
The Shining
Forrest Gump
Daddy Daycare
The Terminal
50 First Dates
The Notebook
Top Gun
Bohemian Rhapsody
Shrek
Avengers: End Game
 
Answer Stats
Answer % Correct
Schindler's List
79%
Bohemian Rhapsody
77%
The Pianist
66%
I, Tonya
61%
The Pursuit of Happyness
55%
Hidden Figures
51%
The Sound of Music
48%
Remember the Titans
46%
The Terminal
43%
No matching quizzes found
Score Distribution
Percent of People with Each Score
Percentile by Number Answered
Your Score History
You have not taken this quiz